000
00261nam a2200097Ia 4500
001
1215596
005
20250827024554.0
008
250824s9999 xx 000 0 und d
245
0
_a
DÜŞLERİN PEŞİNDEKİ ÇOCUK
_c
KORAY AVCI ÇAKMAN
260
_b
ALTIN KİTAPLAR
999
_c
1215596
_d
1215596